Biotechnology and genetics in fisheries and aquaculture

Spremljeno u:
Bibliografski detalji
Glavni autor: A. R. Beaumont
Format: Knjiga
Jezik:Undetermined
Izdano: Oxford, UK Blackwell Science 2003
Teme:
Oznake: Dodaj oznaku
Bez oznaka, Budi prvi tko označuje ovaj zapis!
Thư viện lưu trữ: Trung tâm Học liệu Trường Đại học Cần Thơ
LEADER 00537nam a2200193Ia 4500
001 CTU_67456
008 210402s9999 xx 000 0 und d
020 |b 55 
082 |a 639.3 
082 |b B379 
100 |a A. R. Beaumont 
245 0 |a Biotechnology and genetics in fisheries and aquaculture 
245 0 |c A. R. Beaumont and K. Hoare 
260 |a Oxford, UK 
260 |b Blackwell Science 
260 |c 2003 
650 |a fish-culture,aquaculture 
904 |i Minh 
980 |a Trung tâm Học liệu Trường Đại học Cần Thơ